| 000 | 00478nam a2200181Ia 4500 | ||
|---|---|---|---|
| 001 | 3205 | ||
| 005 | 20260306144903.0 | ||
| 008 | 260306t2017||||xx |||||||||||||| ||spa|| | ||
| 041 | _aESP | ||
| 082 |
_a261.8357 _bK87 |
||
| 100 |
_aKuby, Gabriele _eAUT |
||
| 245 | 0 |
_aLa revolución sexual global: _bla destrucción de la libertad en nombre de la libertad |
|
| 260 | _c2017 | ||
| 300 |
_a499 páginas : _c21 cm. |
||
| 650 | _aGEN | ||
| 654 | _aCHU | ||
| 942 |
_cLIB _dJUS _fJUS _2ddc _n |
||
| 999 |
_c3205 _d3205 |
||